Les 20 préfectures les plus proches de Tulle - Statistiques

Statistiques générales
  • Ce quiz a été pris 107 fois
  • Le résultat moyen est 15 sur 20
Statistiques - réponses
distance (en km) ville préfecture % Correct
74 Limoges
97%
191 Bordeaux
93%
117 Clermont-Ferrand
92%
187 Toulouse
88%
65 Aurillac
86%
83 Périgueux
86%
183 Poitiers
81%
101 Guéret
80%
95 Cahors
78%
120 Rodez
77%
143 Montauban
76%
133 Angouleme
74%
149 Agen
73%
152 Albi
70%
188 Moulins
68%
160 Mende
66%
173 Chateauroux
65%
204 Auch
58%
168 Le Puy en Velay
58%
206 Saint-Etienne
53%
Aucun quiz correspondant
Distribution des résultats
% des personnes avec chaque résultat
Percentile par nombre de réponses
Votre historique - résultats
Vous n’avez pas pris ce quiz